[Event "36 Open Internacional Ciudad de San Seba"]
[Site "Donostia-San Sebastian"]
[Date "2013.03.29"]
[Round "8"]
[White "Rebole Arbea, Jose Ignacio"]
[Black "Thomassen, Thomas"]
[Result "1-0"]
[WhiteElo "2183"]
[BlackElo "2080"]
[PlyCount "81"]
[EventDate "2013.03.23"]
[EventRounds "9"]
[EventCountry "ESP"]

1. g3 Nf6 2. Bg2 e5 3. c4 c6 4. d4 exd4 5. Qxd4 d5 6. Nc3 Be6 7. cxd5 cxd5 8.
Nf3 Nc6 9. Qa4 Bc5 10. O-O O-O 11. Bg5 h6 12. Bxf6 Qxf6 13. Rac1 Rfd8 14. Rfd1
a6 15. e3 Rac8 16. a3 Ba7 17. Qf4 Qxf4 18. exf4 d4 19. Ne4 Na5 20. Rxc8 Rxc8
21. b4 Nb3 22. Ne1 Rc1 23. Rxc1 Nxc1 24. Nd2 b5 25. Bb7 a5 26. bxa5 Bc4 27. a4
Be2 28. axb5 Bxb5 29. Bd5 Bc5 30. Bc4 Bc6 31. Nef3 Kf8 32. Ne5 Ba4 33. Ne4 Ba7
34. Nd6 Bb3 35. Nb5 Bxc4 36. Nxc4 Bc5 37. a6 Nb3 38. a7 Bxa7 39. Nxa7 d3 40.
Nb5 d2 41. Nc3 1-0

[Event "36 Open Internacional Ciudad de San Seba"]
[Site "Donostia-San Sebastian"]
[Date "2013.03.29"]
[Round "8"]
[White "Gagarin, Vasily"]
[Black "Silva Rodriguez, Fernando"]
[Result "1/2-1/2"]
[WhiteElo "1838"]
[BlackElo "2175"]
[PlyCount "74"]
[EventDate "2013.03.23"]
[EventRounds "9"]
[EventCountry "ESP"]

1. e4 e5 2. Nf3 Nc6 3. Bc4 Bc5 4. d3 Nf6 5. Nbd2 O-O 6. O-O d6 7. c3 Bb6 8. Bb3
Ne7 9. h3 Ng6 10. Nc4 c6 11. Nxb6 axb6 12. Re1 h6 13. d4 Qe7 14. Bc2 Re8 15. a4
b5 16. dxe5 dxe5 17. Qe2 Nh5 18. Qf1 Qf6 19. Nh2 Be6 20. Ng4 Qh4 21. g3 Qe7 22.
Be3 bxa4 23. Bxa4 Nf6 24. Nxf6+ Qxf6 25. Qg2 Red8 26. Bc2 Bc4 27. b3 Rxa1 28.
Rxa1 Bd3 29. Bxd3 Rxd3 30. Rc1 Qd8 31. Qf1 Nf8 32. Qe2 Ne6 33. Bd4 Qg5 34. Be3
Qd8 35. Bd4 Qg5 36. Be3 Qd8 37. Bd4 Qg5 1/2-1/2

[Event "36 Open Internacional Ciudad de San Seba"]
[Site "Donostia-San Sebastian"]
[Date "2013.03.29"]
[Round "8"]
[White "Etxagibel Larranaga, Asier"]
[Black "Sanz Rodero, Mikel"]
[Result "1/2-1/2"]
[WhiteElo "2110"]
[BlackElo "2110"]
[PlyCount "27"]
[EventDate "2013.03.23"]
[EventRounds "9"]
[EventCountry "ESP"]

1. d4 e6 2. e4 b6 3. Bd3 Bb7 4. Nf3 Nf6 5. Qe2 c5 6. c3 Be7 7. O-O Nc6 8. Bg5
cxd4 9. Nxd4 O-O 10. Nd2 d6 11. N2f3 Nd7 12. Nxc6 Bxc6 13. Bd2 Bb7 14. Nd4
1/2-1/2

[Event "36 Open Internacional Ciudad de San Seba"]
[Site "Donostia-San Sebastian"]
[Date "2013.03.29"]
[Round "8"]
[White "Picazo Gonzalez, Ana"]
[Black "Argandona Riveiro, Inigo"]
[Result "0-1"]
[WhiteElo "1762"]
[BlackElo "2421"]
[PlyCount "110"]
[EventDate "2013.03.23"]
[EventRounds "9"]
[EventCountry "ESP"]

1. d4 g6 2. c4 Bg7 3. Nc3 d6 4. e4 Nc6 5. Be3 e5 6. d5 Nce7 7. Nf3 f5 8. g3 Nf6
9. Bg2 O-O 10. O-O h6 11. h4 f4 12. Bd2 Bg4 13. b4 Rf7 14. Qe2 Qf8 15. Qd3 Nh5
16. Kh2 Kh7 17. c5 Ng8 18. c6 b6 19. Ne2 a6 20. a4 Kh8 21. Ra3 Ngf6 22. Neg1
Nh7 23. Nh3 Qe7 24. Bc1 a5 25. bxa5 Rxa5 26. Bd2 Ra8 27. Nhg1 N7f6 28. a5 bxa5
29. Rb1 Raf8 30. Bxa5 Bc8 31. Be1 Kh7 32. Bh3 Ng4+ 33. Kg2 g5 34. hxg5 hxg5 35.
Kh1 Kg6 36. Bxg4 Bxg4 37. Kg2 fxg3 38. fxg3 Bxf3+ 39. Nxf3 Rxf3 40. Qxf3 Rxf3
41. Rxf3 Nf6 42. Rb7 Nxe4 43. Ba5 g4 44. Rf1 Qg5 45. Rxc7 Qe3 46. Be1 Qe2+ 47.
Kg1 Ng5 48. Bf2 Qe4 49. Rd1 Nh3+ 50. Kf1 Qh1+ 51. Ke2 Qf3+ 52. Kd2 Qxd5+ 53.
Kc1 Qc4+ 54. Kb1 Qb3+ 55. Kc1 Bh6+ 0-1

[Event "36 Open Internacional Ciudad de San Seba"]
[Site "Donostia-San Sebastian"]
[Date "2013.03.29"]
[Round "8"]
[White "Arabiotorre Arbulu, Aitor"]
[Black "Diaz Herrero, Alvaro"]
[Result "0-1"]
[WhiteElo "1896"]
[BlackElo "2160"]
[PlyCount "94"]
[EventDate "2013.03.23"]
[EventRounds "9"]
[EventCountry "ESP"]

1. e4 e5 2. Nf3 d6 3. d4 exd4 4. Nxd4 Nf6 5. Nc3 Be7 6. Bc4 O-O 7. Bf4 c6 8. h3
b5 9. Bb3 b4 10. Nce2 Nxe4 11. Nxc6 Nxc6 12. Bd5 Nxf2 13. Kxf2 Bb7 14. Rf1 Bg5
15. Kg1 Bxf4 16. Rxf4 a5 17. Ng3 Qb6+ 18. Kh2 Rad8 19. Rxf7 Rxf7 20. Bxf7+ Kxf7
21. Qd5+ Ke8 22. Qe6+ Ne7 23. Nf5 Rd7 24. Re1 Kd8 25. Nxe7 Qf2 26. Qg8+ Kc7 27.
Qc4+ Qc5 28. Qf4 Kb6 29. Qg4 Rc7 30. Re2 g6 31. Qf4 Ka7 32. Ng8 g5 33. Qg3 Rf7
34. Nh6 Rf1 35. Qd3 Ra1 36. Nf5 Ba6 37. Re7+ Kb6 38. Qxd6+ Qxd6+ 39. Nxd6 Rxa2
40. Re6 a4 41. Nc4+ Kc5 42. Rxa6 Kxc4 43. b3+ axb3 44. cxb3+ Kxb3 45. Rc6 Rc2
46. Rb6 Rc4 47. Rb7 Kc2 0-1

[Event "36 Open Internacional Ciudad de San Seba"]
[Site "Donostia-San Sebastian"]
[Date "2013.03.29"]
[Round "8"]
[White "Guijarro Galan, Jose Luis"]
[Black "Oliveira, Maria Ines"]
[Result "1-0"]
[WhiteElo "2154"]
[BlackElo "1957"]
[PlyCount "155"]
[EventDate "2013.03.23"]
[EventRounds "9"]
[EventCountry "ESP"]

1. e4 c5 2. Nf3 e6 3. d3 Nc6 4. g3 d6 5. Bg2 Nf6 6. O-O Be7 7. Re1 O-O 8. d4
cxd4 9. Nxd4 Qc7 10. Nb5 Qb8 11. N1c3 a6 12. Nd4 Bd7 13. Be3 Qc7 14. Nb3 Ne5
15. Nd2 Neg4 16. Bd4 e5 17. Be3 Nxe3 18. Rxe3 b5 19. a3 a5 20. b4 Rfc8 21. Nb3
axb4 22. axb4 Qc4 23. Rxa8 Rxa8 24. Nd5 Nxd5 25. Qxd5 Qxd5 26. exd5 Rc8 27. Re1
Rxc2 28. Nd4 Ra2 29. Nc6 Kf8 30. Bf1 Rd2 31. Ra1 Rxd5 32. Ra8+ Be8 33. Na7 Rd1
34. Nxb5 Rc1 35. Nc3 Rxc3 36. Bb5 f6 37. Bxe8 g6 38. Bxg6+ Kg7 39. Bxh7 Kxh7
40. Ra7 Rb3 41. Rxe7+ Kg6 42. Rb7 Kf5 43. Kg2 d5 44. b5 d4 45. b6 d3 46. Rb8 d2
47. Rd8 Rxb6 48. Rxd2 Kg6 49. h4 Kh6 50. g4 Rb4 51. f3 e4 52. Rd6 exf3+ 53.
Kxf3 Kg6 54. Re6 Rb3+ 55. Kf4 Rb4+ 56. Re4 Rb5 57. h5+ Kg7 58. Re7+ Kf8 59. Ra7
Kg8 60. h6 Rc5 61. Rg7+ Kh8 62. Rf7 Rc6 63. Kf5 Rc5+ 64. Kxf6 Rc6+ 65. Kg5 Rc5+
66. Kh4 Rc6 67. Kh5 Kg8 68. Ra7 Rb6 69. g5 Rb5 70. Re7 Ra5 71. Kg4 Ra4+ 72. Kf5
Ra5+ 73. Re5 Ra6 74. g6 Ra8 75. Kg5 Rb8 76. h7+ Kg7 77. Re7+ Kh8 78. Kh6 1-0

[Event "36 Open Internacional Ciudad de San Seba"]
[Site "Donostia-San Sebastian"]
[Date "2013.03.29"]
[Round "8"]
[White "Pastor Pons, Pedro Maria"]
[Black "Rodriguez Cabrera, Fco. Javier"]
[Result "1-0"]
[WhiteElo "2141"]
[BlackElo "1924"]
[PlyCount "47"]
[EventDate "2013.03.23"]
[EventRounds "9"]
[EventCountry "ESP"]

1. c4 e5 2. Nc3 Nc6 3. g3 f5 4. Bg2 Nf6 5. d3 Bc5 6. e3 O-O 7. Nge2 Qe8 8. O-O
a6 9. a3 Be7 10. b4 Bd8 11. Bb2 d6 12. Rc1 Rb8 13. Qd2 Ne7 14. e4 f4 15. gxf4
Ng6 16. f5 Nh4 17. Ng3 Nxg2 18. Kxg2 g6 19. f4 gxf5 20. fxe5 dxe5 21. exf5 Nh5
22. Nce4 Nf4+ 23. Rxf4 exf4 24. Qc3 1-0

[Event "36 Open Internacional Ciudad de San Seba"]
[Site "Donostia-San Sebastian"]
[Date "2013.03.29"]
[Round "8"]
[White "Troffiguer, Olivier"]
[Black "Peteiro Osta, Luis Angel"]
[Result "1-0"]
[WhiteElo "2119"]
[BlackElo "1914"]
[PlyCount "135"]
[EventDate "2013.03.23"]
[EventRounds "9"]
[EventCountry "ESP"]

1. d4 Nf6 2. c4 e6 3. Nc3 d5 4. cxd5 exd5 5. Bg5 Be7 6. e3 Nbd7 7. Qc2 O-O 8.
Bd3 c6 9. Nge2 Re8 10. O-O h6 11. Bh4 Ne4 12. Bxe4 dxe4 13. Bg3 f5 14. d5 Nf6
15. dxc6 bxc6 16. Rfd1 Qb6 17. Na4 Qa6 18. Nd4 Bd7 19. a3 Rac8 20. Nc5 Bxc5 21.
Qxc5 Qb6 22. Rdc1 Nd5 23. b4 Qxc5 24. Rxc5 g5 25. b5 f4 26. bxc6 Bxc6 27. Nxc6
fxg3 28. Rac1 gxf2+ 29. Kxf2 Nb6 30. Nxa7 Rxc5 31. Rxc5 Re6 32. Rc6 Kf7 33.
Rxe6 Kxe6 34. Nb5 Na4 35. Ke2 h5 36. Kd2 Ke5 37. Nc3 Nb2 38. a4 h4 39. Ke2 Nc4
40. Nb5 Kd5 41. Nd4 Na5 42. Kf2 Ke5 43. g3 hxg3+ 44. Kxg3 Nc4 45. Nc2 Kf6 46.
Kg4 Ne5+ 47. Kh5 Nc4 48. h3 Na5 49. Nb4 Nc4 50. Nd5+ Kf5 51. Nc3 Nxe3 52. Nxe4
g4 53. Ng3+ Kf4 54. Ne2+ Kf5 55. h4 Nc4 56. Kh6 Ke4 57. Kg5 Ne5 58. h5 Ke3 59.
Nf4 g3 60. a5 Nd3 61. Nh3 Nf2 62. Ng1 Ne4+ 63. Kh4 g2 64. a6 Kf2 65. Nh3+ Kf1
66. a7 Nf2 67. a8=Q Nxh3 68. Qa1+ 1-0

[Event "36 Open Internacional Ciudad de San Seba"]
[Site "Donostia-San Sebastian"]
[Date "2013.03.29"]
[Round "8"]
[White "Rodsmoen, Maud"]
[Black "Lakunza Oyarbide, Juan Carlos"]
[Result "0-1"]
[WhiteElo "1750"]
[BlackElo "2116"]
[PlyCount "96"]
[EventDate "2013.03.23"]
[EventRounds "9"]
[EventCountry "ESP"]

1. e4 e5 2. Nf3 Nc6 3. Bb5 Nd4 4. Nxd4 exd4 5. c3 Bc5 6. O-O Ne7 7. Qh5 Bb6 8.
d3 c6 9. Ba4 d5 10. Re1 O-O 11. cxd4 Bxd4 12. Nc3 Qa5 13. Bb3 Bxc3 14. bxc3 Be6
15. Bb2 Rad8 16. Kh1 Qb6 17. Ba3 Rfe8 18. d4 dxe4 19. Bxe6 fxe6 20. Rxe4 Nd5
21. Qh3 e5 22. Rae1 Qa5 23. Bb4 Nxb4 24. cxb4 Qxa2 25. dxe5 Qxf2 26. e6 Rd4 27.
Re5 Rd5 28. R5e4 Rd4 29. Re5 Rf4 30. Qd3 Qd4 31. Qe2 Rf2 32. Qh5 g6 33. Qg5 Qf4
34. Kg1 Qxg5 35. Rxg5 Rb2 36. Rg4 Re7 37. Rd4 Kg7 38. Rd7 Kf6 39. Re4 Rxd7 40.
exd7 Rd2 41. Rf4+ Ke7 42. Rh4 h5 43. g4 Rd4 44. Kf2 Kxd7 45. Kg3 Rxg4+ 46. Rxg4
hxg4 47. Kxg4 Ke6 48. Kg5 Kf7 0-1

[Event "36 Open Internacional Ciudad de San Seba"]
[Site "Donostia-San Sebastian"]
[Date "2013.03.29"]
[Round "8"]
[White "Ferreruela Romero, Jose Joaqui"]
[Black "Galarraga Lasa, Jon Gurutz"]
[Result "0-1"]
[WhiteElo "2022"]
[BlackElo "1904"]
[PlyCount "76"]
[EventDate "2013.03.23"]
[EventRounds "9"]
[EventCountry "ESP"]

1. d4 Nf6 2. c4 e6 3. Nc3 d5 4. cxd5 exd5 5. Bg5 Be7 6. e3 Nbd7 7. Bd3 c6 8.
Nge2 Ne4 9. Bxe7 Nxc3 10. bxc3 Qxe7 11. Ng3 g6 12. O-O Nf6 13. Qd2 O-O 14. f3
h5 15. Rae1 Kg7 16. e4 dxe4 17. fxe4 Ng4 18. h3 Qh4 19. Rf3 Nh6 20. Qf2 Be6 21.
c4 Rae8 22. Rf1 Bc8 23. Rf4 Qd8 24. e5 c5 25. Ne4 Qxd4 26. Nxc5 Qxf2+ 27. R1xf2
Rxe5 28. Nb3 Bf5 29. Be2 Rd8 30. c5 Be4 31. Bc4 Bd5 32. Rd2 Nf5 33. Na5 g5 34.
Rff2 Ng3 35. Bxd5 Re1+ 36. Kh2 h4 37. Rxf7+ Kg6 38. Be4+ Kxf7 0-1

[Event "36 Open Internacional Ciudad de San Seba"]
[Site "Donostia-San Sebastian"]
[Date "2013.03.29"]
[Round "8"]
[White "Segovia Sanchez, Antonio"]
[Black "Arana Garate, Jon"]
[Result "1/2-1/2"]
[WhiteElo "2018"]
[BlackElo "1857"]
[PlyCount "181"]
[EventDate "2013.03.23"]
[EventRounds "9"]
[EventCountry "ESP"]

1. d4 Nf6 2. Bf4 g6 3. e3 Bg7 4. Nf3 O-O 5. Be2 d6 6. h3 Nbd7 7. O-O Ne4 8.
Nbd2 f5 9. Bc4+ Kh8 10. Nxe4 fxe4 11. Ng5 Nf6 12. Nf7+ Rxf7 13. Bxf7 d5 14. Bg5
c6 15. f3 exf3 16. Qxf3 Qf8 17. e4 Nxe4 18. Be3 Bf6 19. g4 Qxf7 20. g5 Bf5 21.
gxf6 exf6 22. Rae1 Qd7 23. Bh6 Re8 24. Re2 Nd6 25. Rfe1 Rxe2 26. Rxe2 Kg8 27.
Kh2 Kf7 28. Bf4 Ne4 29. Qa3 g5 30. Bc1 h5 31. Qe3 h4 32. Rg2 Qd6+ 33. Kg1 Qe6
34. Kh2 Qd6+ 35. Kg1 Ng3 36. Rf2 Qe6 37. Kh2 Qxe3 38. Bxe3 Be4 39. Bxg5 Nf5 40.
Bf4 Nxd4 41. Kg1 Nf3+ 42. Kf1 Ke6 43. Re2 Ng5 44. Re3 Kf5 45. Bb8 a6 46. Rb3 b5
47. Rc3 d4 48. Ra3 Bxc2 49. Ba7 Ke4 50. Bc5 d3 51. Bb4 Nf3 52. Rxa6 d2 53. Bxd2
Nxd2+ 54. Ke2 Nf3 55. Kf2 Nd4 56. Ra7 f5 57. Rh7 Nf3 58. Rc7 Ne5 59. Rh7 Nd3+
60. Ke2 Nxb2 61. Kd2 Ba4 62. Rxh4+ f4 63. Rh7 Nc4+ 64. Ke2 Ne5 65. Re7 b4 66.
h4 Bb5+ 67. Kf2 Kf5 68. h5 Ng4+ 69. Kf3 Kg5 70. Re4 Nf6 71. Rxb4 Nxh5 72. a4
Bd3 73. Rd4 Ba6 74. a5 Bb5 75. Rb4 Bd3 76. Rd4 Ba6 77. Rb4 Kf5 78. Rb6 Bd3 79.
a6 Be4+ 80. Kf2 Nf6 81. Rb4 Bd5 82. a7 c5 83. Rb8 Ne4+ 84. Ke1 f3 85. a8=Q Bxa8
86. Rxa8 c4 87. Rf8+ Ke5 88. Re8+ Kd4 89. Rd8+ Kc3 90. Re8 Kd4 91. Rd8+ 1/2-1/2

[Event "36 Open Internacional Ciudad de San Seba"]
[Site "Donostia-San Sebastian"]
[Date "2013.03.29"]
[Round "8"]
[White "Ortega Lopez, Mikel"]
[Black "Salgado Cea, Gorka"]
[Result "1-0"]
[WhiteElo "2016"]
[BlackElo "1855"]
[PlyCount "67"]
[EventDate "2013.03.23"]
[EventRounds "9"]
[EventCountry "ESP"]

1. e4 c5 2. Nf3 d6 3. d4 cxd4 4. Nxd4 Nf6 5. Nc3 a6 6. Be2 e6 7. Be3 Be7 8. O-O
O-O 9. f4 Qc7 10. Bf3 Nbd7 11. Qe1 Rb8 12. Qg3 Rd8 13. Rae1 Nb6 14. Be2 Nc4 15.
Bxc4 Qxc4 16. e5 Nd5 17. Nxd5 Qxd5 18. a3 b5 19. c3 Bb7 20. Re2 a5 21. f5 Kh8
22. fxe6 fxe6 23. Rf7 Bf8 24. Bg5 Kg8 25. Rxb7 Qxb7 26. Bxd8 Rxd8 27. Nxe6 Rd7
28. Nxf8 Kxf8 29. e6 Re7 30. Qxd6 g6 31. Qd8+ Kg7 32. Qd4+ Kg8 33. Qf6 Qb6+ 34.
Rf2 1-0

[Event "36 Open Internacional Ciudad de San Seba"]
[Site "Donostia-San Sebastian"]
[Date "2013.03.29"]
[Round "8"]
[White "Abalia Patino, Aritz"]
[Black "Picazo Gonzalez, Alejandro"]
[Result "1/2-1/2"]
[WhiteElo "1658"]
[BlackElo "1993"]
[PlyCount "145"]
[EventDate "2013.03.23"]
[EventRounds "9"]
[EventCountry "ESP"]

1. e4 e5 2. Nf3 Nc6 3. Bb5 Nf6 4. O-O Nxe4 5. Qe2 Nd6 6. Bxc6 dxc6 7. Nxe5 Be7
8. d4 O-O 9. Bf4 Nf5 10. c3 Bd6 11. Nd3 Be6 12. Qc2 Qf6 13. Be5 Qg5 14. Qd2 Qe7
15. Qe2 Bc4 16. Re1 Bxe5 17. Qxe5 Bxd3 18. Qxe7 Nxe7 19. Rxe7 Rfe8 20. Re3 Rxe3
21. fxe3 Re8 22. Kf2 c5 23. Nd2 g5 24. Nf3 cxd4 25. cxd4 f6 26. Rc1 c6 27. g4
Kf7 28. Rc3 Bb1 29. Nd2 Bg6 30. Kg3 Ke6 31. e4 Kd7 32. Kf3 h5 33. h3 Rh8 34.
Nf1 hxg4+ 35. hxg4 Rh1 36. Ng3 Rh2 37. Rb3 b6 38. Nf1 Rh3+ 39. Ng3 Rh2 40. Nf1
Rc2 41. Ne3 Rc1 42. Rc3 Rb1 43. Rc2 Rh1 44. Nf5 Rh3+ 45. Kg2 Rd3 46. Rc4 Rd2+
47. Kf3 Rxb2 48. e5 fxe5 49. dxe5 c5 50. Re4 Bf7 51. Ra4 a5 52. Ne3 Rb4 53. Ra3
Rf4+ 54. Kg3 Re4 55. Kf3 Rxe5 56. Rd3+ Kc6 57. Nf5 Bd5+ 58. Kg3 Be4 59. Rd6+
Kc7 60. Rg6 Bxf5 61. Rxg5 c4 62. Kf4 Rc5 63. Rxf5 c3 64. Rxc5+ bxc5 65. Ke3 Kd6
66. Kd3 Ke5 67. Kxc3 Kf4 68. Kc4 Kxg4 69. Kxc5 Kf5 70. Kb5 Ke6 71. Kxa5 Kd7 72.
Kb6 Kc8 73. a4 1/2-1/2

[Event "36 Open Internacional Ciudad de San Seba"]
[Site "Donostia-San Sebastian"]
[Date "2013.03.29"]
[Round "8"]
[White "Bello Castano, Diego"]
[Black "Miguelez Garcia, Erlantz"]
[Result "1-0"]
[WhiteElo "1839"]
[BlackElo "2033"]
[PlyCount "93"]
[EventDate "2013.03.23"]
[EventRounds "9"]
[EventCountry "ESP"]

1. Nf3 Nf6 2. b3 c5 3. Bb2 d5 4. e3 Nc6 5. Bb5 Bg4 6. h3 Bxf3 7. Qxf3 e6 8. g4
Be7 9. g5 Ne4 10. h4 O-O 11. d3 Qa5+ 12. Kd1 Qxb5 13. dxe4 d4 14. exd4 Nxd4 15.
Qd3 Qc6 16. Nd2 Rfd8 17. Kc1 b5 18. Nf3 c4 19. Nxd4 Qb6 20. Qc3 b4 21. Qxc4
Rac8 22. Qb5 Qc7 23. Qe2 Qf4+ 24. Qe3 Qc7 25. Qe2 Bd6 26. Rd1 Bf4+ 27. Kb1 Qd7
28. Rd3 Qc7 29. a3 bxa3 30. Rxa3 a5 31. Ra4 Qb6 32. Rc3 Be5 33. Rxc8 Rxc8 34.
Qe3 Bd6 35. Ne2 Qb8 36. Qd4 e5 37. Qd5 Rc5 38. Qd2 Rb5 39. Ng3 g6 40. Nf1 Bb4
41. Qd3 Rb6 42. Bxe5 Qe8 43. Bb2 Rd6 44. Qe2 Qd7 45. Ne3 Rd2 46. Qf3 Qc6 47.
Qf6 1-0

[Event "36 Open Internacional Ciudad de San Seba"]
[Site "Donostia-San Sebastian"]
[Date "2013.03.29"]
[Round "8"]
[White "Puga Senar, Fernando"]
[Black "Torres, Patrice"]
[Result "1-0"]
[WhiteElo "1793"]
[BlackElo "1975"]
[PlyCount "47"]
[EventDate "2013.03.23"]
[EventRounds "9"]
[EventCountry "ESP"]

1. d4 d5 2. c4 c6 3. Nc3 Nf6 4. cxd5 cxd5 5. Nf3 Nc6 6. Bf4 a6 7. e3 Bg4 8. Bd3
e6 9. h3 Bxf3 10. Qxf3 Be7 11. O-O O-O 12. Rac1 Rc8 13. g4 Re8 14. g5 Nd7 15.
Qg3 Nf8 16. Kh1 Ng6 17. h4 Nxf4 18. Qxf4 Bd6 19. Qg4 f5 20. Qg2 f4 21. Qg4 Qe7
22. exf4 Rf8 23. Bxh7+ Kh8 24. Bg6 1-0

[Event "36 Open Internacional Ciudad de San Seba"]
[Site "Donostia-San Sebastian"]
[Date "2013.03.29"]
[Round "8"]
[White "Martin-Consuegra Barrilero, Ja"]
[Black "Espin Laborde, Jesus Maria"]
[Result "1/2-1/2"]
[WhiteElo "1886"]
[BlackElo "1742"]
[PlyCount "90"]
[EventDate "2013.03.23"]
[EventRounds "9"]
[EventCountry "ESP"]

1. d4 Nf6 2. Bf4 g6 3. e3 Bg7 4. Be2 d5 5. Nf3 O-O 6. h3 a6 7. a4 c5 8. c3 cxd4
9. exd4 Nc6 10. Nbd2 Qb6 11. Qb3 Qd8 12. O-O Na5 13. Qa3 Be6 14. Ng5 Bc8 15. b4
Nc6 16. Rfe1 h6 17. Ngf3 Nh5 18. Bh2 Nf6 19. Bd3 e6 20. Qb2 Re8 21. Nb3 Nd7 22.
Ne5 Ndxe5 23. dxe5 f5 24. Nd4 Nxd4 25. cxd4 b6 26. Bf4 Bb7 27. b5 a5 28. g3 Kh7
29. Rac1 Qd7 30. Qb1 Qf7 31. h4 h5 32. Rc2 Rac8 33. Rec1 Qd7 34. f3 Rxc2 35.
Rxc2 Rc8 36. g4 Rxc2 37. Qxc2 Bh6 38. Qd2 Bxf4 39. Qxf4 Qg7 40. Kf2 Qh6 41. g5
Qf8 42. Qc1 Qc8 43. Qc2 Qxc2+ 44. Bxc2 Bc8 45. Bd1 Bd7 1/2-1/2

[Event "36 Open Internacional Ciudad de San Seba"]
[Site "Donostia-San Sebastian"]
[Date "2013.03.30"]
[Round "9"]
[White "Narciso Dublan, Marc"]
[Black "Vocaturo, Daniele"]
[Result "1-0"]
[WhiteElo "2551"]
[BlackElo "2511"]
[PlyCount "75"]
[EventDate "2013.03.23"]
[EventRounds "9"]
[EventCountry "ESP"]

1. d4 Nf6 2. c4 e6 3. Nc3 Bb4 4. Qc2 O-O 5. a3 Bxc3+ 6. Qxc3 b5 7. cxb5 c6 8.
Bg5 cxb5 9. e3 Bb7 10. Nf3 h6 11. Bh4 g5 12. Bg3 Ne4 13. Qc2 Na6 14. b4 Rc8 15.
Qb2 Nc7 16. Bd3 f5 17. Bxc7 Rxc7 18. O-O g4 19. Ne5 Ng5 20. Rfc1 d6 21. Ng6 Rg7
22. Nxf8 Qxf8 23. d5 Bxd5 24. Bxb5 Kh7 25. Bc6 Be4 26. Bxe4 fxe4 27. Kh1 h5 28.
Qe2 Qf5 29. Rc6 Qe5 30. Rg1 d5 31. Qc2 Kg6 32. f4 gxf3 33. gxf3 Qf6 34. f4 Kh7
35. fxg5 Qf3+ 36. Qg2 Qxe3 37. g6+ Kh6 38. Rc8 1-0

[Event "36 Open Internacional Ciudad de San Seba"]
[Site "Donostia-San Sebastian"]
[Date "2013.03.30"]
[Round "9"]
[White "Vazquez Igarza, Renier"]
[Black "Alonso Rosell, Alvar"]
[Result "1-0"]
[WhiteElo "2557"]
[BlackElo "2552"]
[PlyCount "37"]
[EventDate "2013.03.23"]
[EventRounds "9"]
[EventCountry "ESP"]

1. Nf3 d5 2. d4 Nf6 3. c4 c6 4. Nc3 e6 5. cxd5 exd5 6. Qc2 Na6 7. Bg5 Nb4 8.
Qa4 Bf5 9. Rc1 a5 10. a3 Nc2+ 11. Rxc2 b5 12. Nxb5 Bxc2 13. Qxc2 cxb5 14. Qc6+
Ke7 15. Qb7+ Ke8 16. Ne5 Qc8 17. Qxf7+ Kd8 18. Qxd5+ Ke7 19. e4 1-0

[Event "36 Open Internacional Ciudad de San Seba"]
[Site "Donostia-San Sebastian"]
[Date "2013.03.30"]
[Round "9"]
[White "Hernandez, Elvis"]
[Black "Alsina Leal, Daniel"]
[Result "0-1"]
[WhiteElo "2288"]
[BlackElo "2518"]
[PlyCount "98"]
[EventDate "2013.03.23"]
[EventRounds "9"]
[EventCountry "ESP"]

1. e4 c5 2. Nf3 d6 3. d4 cxd4 4. Nxd4 Nf6 5. Nc3 a6 6. Bg5 Nbd7 7. f3 e6 8. Qd2
Be7 9. O-O-O Qc7 10. h4 b5 11. Bd3 O-O 12. g4 Ne5 13. Kb1 b4 14. Nce2 a5 15.
Ng3 Ba6 16. Nh5 Nxh5 17. gxh5 Nxd3 18. cxd3 Bxg5 19. hxg5 Qb6 20. Qe3 Rac8 21.
g6 h6 22. Rde1 fxg6 23. hxg6 Rf6 24. Rhg1 e5 25. Nf5 Qxe3 26. Rxe3 Kf8 27. d4
Rxf5 28. exf5 exd4 29. Re6 Bd3+ 30. Ka1 Bxf5 31. Rxd6 d3 32. b3 Ke7 33. Rd4 Rc2
34. Rd1 Kf6 35. Rc4 Rxc4 36. bxc4 Ke5 37. Kb2 Kd4 38. Kc1 Kc3 39. c5 Bd7 40. f4
a4 41. Rd2 a3 42. f5 Bxf5 43. c6 b3 44. axb3 Kxb3 45. c7 a2 46. Rxd3+ Bxd3 47.
c8=Q a1=Q+ 48. Kd2 Qd4 49. Qf8 Bc4+ 0-1

[Event "36 Open Internacional Ciudad de San Seba"]
[Site "Donostia-San Sebastian"]
[Date "2013.03.30"]
[Round "9"]
[White "Andres Gonzalez, Ivan"]
[Black "Moreno Ruiz, Javier"]
[Result "0-1"]
[WhiteElo "2331"]
[BlackElo "2495"]
[PlyCount "150"]
[EventDate "2013.03.23"]
[EventRounds "9"]
[EventCountry "ESP"]

1. Nf3 Nf6 2. g3 b5 3. Bg2 Bb7 4. O-O e6 5. d4 Na6 6. a4 b4 7. c4 c5 8. d5 exd5
9. Nh4 g6 10. cxd5 Bg7 11. e4 d6 12. Nd2 O-O 13. Nc4 Nb8 14. Re1 Ba6 15. Nxd6
Qxd6 16. e5 Qb6 17. a5 Qb5 18. exf6 Bxf6 19. Bh6 Rd8 20. Qf3 Nd7 21. d6 Rab8
22. Re7 Bxe7 23. dxe7 Re8 24. Bh3 Bb7 25. Qf4 Qc6 26. f3 Nf6 27. Rd1 Nh5 28.
Qe5 Qf6 29. Bf4 Ra8 30. Qxf6 Nxf6 31. Bd6 c4 32. Bxb4 Nd5 33. Bc5 Bc6 34. Bf1
c3 35. b4 Rab8 36. Rc1 Nxe7 37. Rxc3 Nd5 38. Rc2 Bb5 39. Bxa7 Re1 40. Rf2 Rb7
41. Bc5 Bxf1 42. Rxf1 Rxf1+ 43. Kxf1 Nxb4 44. Ng2 Rb5 45. Bb6 Nc6 46. Ne3 Nxa5
47. Bd4 Rb1+ 48. Kg2 f5 49. h4 Nb3 50. Ba7 Rb2+ 51. Kh3 Ra2 52. Bb6 Ra6 53. Nd5
Nd2 54. Kg2 Ra2 55. Bf2 Kf7 56. Nb4 Ra3 57. Nc2 Ra2 58. Nb4 Rb2 59. Nd5 Rb3 60.
Ne3 Ke6 61. f4 Rb2 62. Nd1 Rc2 63. Ne3 Ra2 64. Kh3 Ne4 65. Bg1 Nc3 66. Ng2 Ne2
67. Bc5 Kd5 68. Bb6 Ra3 69. Bf2 h5 70. Ne3+ Ke4 71. Nc4 Nxf4+ 72. Kh2 Ra2 73.
gxf4 Rxf2+ 74. Kg3 Rf3+ 75. Kg2 Kxf4 0-1

[Event "36 Open Internacional Ciudad de San Seba"]
[Site "Donostia-San Sebastian"]
[Date "2013.03.30"]
[Round "9"]
[White "Bas Mas, Jose Joaquin"]
[Black "Favarel, Antoine"]
[Result "1/2-1/2"]
[WhiteElo "2258"]
[BlackElo "2350"]
[PlyCount "77"]
[EventDate "2013.03.23"]
[EventRounds "9"]
[EventCountry "ESP"]

1. e4 c5 2. Nf3 Nc6 3. d4 cxd4 4. Nxd4 g6 5. c4 Bg7 6. Be3 Nf6 7. Nc3 O-O 8.
Be2 d6 9. O-O Bd7 10. Qd2 Nxd4 11. Bxd4 Bc6 12. f3 a5 13. b3 Nd7 14. Be3 Nc5
15. Rab1 Be5 16. Rfc1 e6 17. Bg5 f6 18. Bf4 Qe7 19. Rd1 g5 20. Bxe5 dxe5 21.
Qd6 Kf7 22. Kf2 Rfd8 23. Qxe7+ Kxe7 24. Ke3 f5 25. Rxd8 Rxd8 26. Rd1 f4+ 27.
Kf2 Rg8 28. h3 h5 29. Bd3 g4 30. hxg4 hxg4 31. Bc2 g3+ 32. Kg1 Rb8 33. a3 b5
34. b4 axb4 35. axb4 Na6 36. cxb5 Bxb5 37. Nxb5 Rxb5 38. Bd3 Rb6 39. Bxa6
1/2-1/2

[Event "36 Open Internacional Ciudad de San Seba"]
[Site "Donostia-San Sebastian"]
[Date "2013.03.30"]
[Round "9"]
[White "Argandona Riveiro, Inigo"]
[Black "Pastor Pons, Pedro Maria"]
[Result "1-0"]
[WhiteElo "2421"]
[BlackElo "2141"]
[PlyCount "79"]
[EventDate "2013.03.23"]
[EventRounds "9"]
[EventCountry "ESP"]

1. c4 Nf6 2. Nf3 d6 3. d4 g6 4. Nc3 Bg7 5. e4 O-O 6. Be3 Na6 7. Be2 c5 8. O-O
b6 9. Qd2 Nc7 10. Rad1 Bb7 11. Qc2 Qe8 12. Rfe1 Nd7 13. Nd5 Rc8 14. dxc5 dxc5
15. Bg5 f6 16. Bh4 e5 17. Qa4 Nxd5 18. cxd5 a6 19. Nd2 Bh6 20. Nc4 b5 21. Qb3
Qe7 22. Bg4 Rcd8 23. a4 Bg5 24. Bxg5 fxg5 25. axb5 Qf6 26. f3 axb5 27. Be6+ Kh8
28. Qxb5 g4 29. fxg4 Bc8 30. Nd6 Qf2+ 31. Kh1 Nf6 32. Nxc8 Rxc8 33. Bxc8 Rxc8
34. Rf1 Qh4 35. Qa6 Rf8 36. Qd6 Kg7 37. Qe7+ Rf7 38. Qxe5 Qxg4 39. Rxf6 Qxd1+
40. Rf1+ 1-0